[Event "1st FIDE OWCCCC Pools-East 2021"]
[Site "Online"]
[Date "2021.02.20"]
[Round "6.40"]
[White "Gouvas, Panagiotis"]
[Black "Mutyala Santosh Krishna"]
[Result "0-1"]
[WhiteElo "724"]
[BlackElo "1252"]
[Annotator "NA"]
[PlyCount "48"]
[EventDate "2021.02.19"]
[EventType "team-tourn"]
[EventCountry "NET"]
[SourceTitle "playchess.com"]
[Source "ChessBase"]
[SourceQuality "1"]

1. e4 e5 2. Nf3 d6 3. Bd3 Nf6 4. Nc3 Bg4 5. b3 Nc6 6. Ba3 Nd4 7. h3 Nxf3+ 8. gxf3 Be6 9. Rg1 Bxh3 10. Rg3 Be6 11. Bb5+ Bd7 12. d4 Bxb5 13. Nxb5 exd4 14. Qxd4 a6 15. Nc3 Qd7 16. e5 dxe5 17. Qxe5+ Qe6 18. Rg5 Bxa3 19. Qxe6+ fxe6 20. Re5 O-O-O 21. Ne4 Bb2 22. Nxf6 Bxe5 23. Nd5 Bxa1 24. Ke2 Rxd5 0-1

[Event "1st FIDE OWCCCC Pools-East 2021"]
[Site "Online"]
[Date "2021.02.20"]
[Round "6.41"]
[White "Zakharov, Alexander S."]
[Black "Ong, Kezli"]
[Result "1-0"]
[WhiteElo "2428"]
[BlackElo "2293"]
[Annotator "ChessBase"]
[PlyCount "71"]
[EventDate "2021.02.19"]
[EventType "team-tourn"]
[EventCountry "NET"]
[SourceTitle "playchess.com"]
[Source "ChessBase"]
[SourceQuality "1"]

1. e4 e5 2. Nf3 Nc6 3. Bb5 a6 4. Ba4 Nf6 5. Qe2 Be7 6. O-O b5 7. Bb3 O-O 8. a4 b4 9. a5 d6 10. h3 Be6 11. d3 Bxb3 12. cxb3 Rb8 13. Nbd2 Rb5 14. Nc4 d5 15. Ncxe5 Nxe5 16. Nxe5 dxe4 17. Bf4 Bd6 18. d4 Qa8 19. Rfc1 Qd5 20. Bg5 Bxe5 21. dxe5 Qxe5 22. Bxf6 gxf6 23. Rc6 Rxa5 24. Rxa5 Qxa5 25. Rxf6 Qe5 26. Rxa6 Kh8 27. g3 Rg8 28. Kg2 Rg6 29. Ra8+ Kg7 30. Rb8 c5 31. Rc8 Qd5 32. Kh2 Qxb3 33. Rxc5 Qe6 34. Rc4 f5 35. Rc7+ Kg8 36. Qd2 1-0

[Event "1st FIDE OWCCCC Pools-East 2021"]
[Site "Online"]
[Date "2021.02.20"]
[Round "6.41"]
[White "Maes, Tibo"]
[Black "Kaya, Melih onur"]
[Result "1-0"]
[WhiteElo "1904"]
[BlackElo "1277"]
[Annotator "NA"]
[PlyCount "59"]
[EventDate "2021.02.19"]
[EventType "team-tourn"]
[EventCountry "NET"]
[SourceTitle "playchess.com"]
[Source "ChessBase"]
[SourceQuality "1"]

1. Nf3 d5 2. g3 Nc6 3. Bg2 e5 4. d3 Bc5 5. O-O Nge7 6. Nbd2 O-O 7. e4 d4 8. Nc4 f6 9. Nh4 b5 10. Nd2 Bb7 11. f4 Bd6 12. f5 Qe8 13. a4 a6 14. g4 Na5 15. Ndf3 c5 16. g5 c4 17. h3 cxd3 18. cxd3 Qf7 19. gxf6 Qxf6 20. Bg5 Qf7 21. f6 gxf6 22. Bh6 Qb3 23. Qe2 Rf7 24. Nh2 Ng6 25. Qg4 Qxd3 26. Nxg6 hxg6 27. Qxg6+ Kh8 28. Qxf7 Rg8 29. Qxf6+ Rg7 30. Qxg7# 1-0

[Event "1st FIDE OWCCCC Pools-East 2021"]
[Site "Online"]
[Date "2021.02.20"]
[Round "6.41"]
[White "Sanz Varea, Jose M."]
[Black "Bialon, Pawel"]
[Result "1-0"]
[WhiteElo "1852"]
[BlackElo "882"]
[Annotator "NA"]
[PlyCount "41"]
[EventDate "2021.02.19"]
[EventType "team-tourn"]
[EventCountry "NET"]
[SourceTitle "playchess.com"]
[Source "ChessBase"]
[SourceQuality "1"]

1. e4 e5 2. Nf3 d6 3. d4 Nf6 4. dxe5 dxe5 5. Qxd8+ Kxd8 6. Nxe5 Ke8 7. Nc3 Bb4 8. Bd3 Ke7 9. O-O Nbd7 10. Nxd7 Bxd7 11. Bg5 Bxc3 12. bxc3 Rhg8 13. e5 Ke6 14. exf6 gxf6 15. Bf4 Bc6 16. Bg3 Rad8 17. Rfe1+ Kd7 18. Bxh7 Rg5 19. h4 Rc5 20. c4 Rxc4 21. Bf5# 1-0

[Event "1st FIDE OWCCCC Pools-East 2021"]
[Site "Online"]
[Date "2021.02.20"]
[Round "6.41"]
[White "Patel, Roshan"]
[Black "Kanarkiewicz, Michal"]
[Result "0-1"]
[WhiteElo "1575"]
[BlackElo "2096"]
[Annotator "NA"]
[PlyCount "70"]
[EventDate "2021.02.19"]
[EventType "team-tourn"]
[EventCountry "NET"]
[SourceTitle "playchess.com"]
[Source "ChessBase"]
[SourceQuality "1"]

1. Nf3 Nf6 2. c4 g6 3. d4 Bg7 4. g3 O-O 5. Bg2 d6 6. O-O Nc6 7. Nc3 a6 8. e4 e5 9. d5 Ne7 10. b3 Nh5 11. Bb2 Bh6 12. h3 Qe8 13. g4 Nf4 14. Ne2 Nxg2 15. Kxg2 f5 16. g5 Bg7 17. exf5 Nxf5 18. Ng3 Qd7 19. Rh1 Nxg3 20. fxg3 Qf5 21. Qe2 e4 22. Nh4 Qxg5 23. Bxg7 Kxg7 24. Raf1 Bf5 25. Nxf5+ gxf5 26. h4 Qg6 27. Rf2 f4 28. Qb2+ Kg8 29. Qc3 Qg4 30. Kh2 e3 31. Rxf4 Rxf4 32. gxf4 Qxh4+ 33. Kg2 Qg4+ 34. Kf1 Qf3+ 35. Kg1 Qf2# 0-1

[Event "1st FIDE OWCCCC Pools-East 2021"]
[Site "Online"]
[Date "2021.02.20"]
[Round "6.41"]
[White "Mayank Singhania"]
[Black "Siddharth, Venkatesh"]
[Result "1-0"]
[WhiteElo "1039"]
[BlackElo "1826"]
[Annotator "NA"]
[PlyCount "83"]
[EventDate "2021.02.19"]
[EventType "team-tourn"]
[EventCountry "NET"]
[SourceTitle "playchess.com"]
[Source "ChessBase"]
[SourceQuality "1"]

1. d4 Nf6 2. c4 e6 3. Nc3 Bb4 4. Bd2 Bxc3 5. Bxc3 Ne4 6. Rc1 d6 7. e3 Nxc3 8. Rxc3 O-O 9. Bd3 Qd7 10. Qh5 g6 11. Qh6 Qe7 12. h4 Qf6 13. h5 Qg7 14. Qxg7+ Kxg7 15. Ne2 e5 16. f3 a5 17. c5 exd4 18. Nxd4 d5 19. Kf2 Bd7 20. Rb3 Ra7 21. Rh4 a4 22. Rc3 Nc6 23. Nb5 Ra5 24. Nxc7 Ne7 25. h6+ Kg8 26. Rd4 Bc6 27. Rb4 Rc8 28. Nb5 Bxb5 29. Rxb5 Rxb5 30. Bxb5 Nf5 31. Bxa4 Nxh6 32. Bb3 Rd8 33. Rd3 Nf5 34. Rxd5 Re8 35. Rd7 Rxe3 36. Rxb7 Rd3 37. c6 Rd2+ 38. Ke1 Rd8 39. Bxf7+ Kf8 40. c7 Rc8 41. Rb8 Nd6 42. Be6 1-0

[Event "1st FIDE OWCCCC Pools-East 2021"]
[Site "Online"]
[Date "2021.02.20"]
[Round "6.42"]
[White "Lyu, Tianmin"]
[Black "Chernyshev, Petr"]
[Result "1-0"]
[WhiteElo "1853"]
[BlackElo "1839"]
[Annotator "NA"]
[PlyCount "87"]
[EventDate "2021.02.19"]
[EventType "team-tourn"]
[EventCountry "NET"]
[SourceTitle "playchess.com"]
[Source "ChessBase"]
[SourceQuality "1"]

1. e4 c5 2. Nf3 g6 3. d4 cxd4 4. Nxd4 Bg7 5. Nc3 Nc6 6. Nb3 d6 7. Be2 Nf6 8. O-O O-O 9. Re1 Be6 10. Bf1 d5 11. Nc5 dxe4 12. Nxe6 Qxd1 13. Rxd1 fxe6 14. Bc4 Kf7 15. Nb5 Rad8 16. Bg5 Nd5 17. c3 a6 18. Na3 b5 19. Bb3 h6 20. Be3 Ne5 21. Nc2 Nd3 22. Rab1 e5 23. f3 e6 24. fxe4 Nxe3 25. Nxe3 Ke7 26. Bc2 Nc5 27. b4 Nb7 28. c4 Rd4 29. c5 Rfd8 30. a4 bxa4 31. c6 Nd6 32. Bxa4 Nb5 33. Rdc1 Rxe4 34. Nc4 Re2 35. Bxb5 axb5 36. c7 bxc4 37. cxd8=Q+ Kxd8 38. Rxc4 e4 39. b5 Rd2 40. b6 Be5 41. Rxe4 Bd6 42. Rxe6 Bc5+ 43. Kh1 Kd7 44. Rxg6 1-0

[Event "1st FIDE OWCCCC Pools-East 2021"]
[Site "Online"]
[Date "2021.02.20"]
[Round "6.42"]
[White "Iyer, Siddharth"]
[Black "ustechsol-Yadav"]
[Result "1-0"]
[WhiteElo "1688"]
[BlackElo "337"]
[Annotator "NA"]
[PlyCount "39"]
[EventDate "2021.02.19"]
[EventType "team-tourn"]
[EventCountry "NET"]
[SourceTitle "playchess.com"]
[Source "ChessBase"]
[SourceQuality "1"]

1. e4 e5 2. Nf3 Nf6 3. Bc4 d6 4. d3 Bd7 5. c3 Bc6 6. O-O g6 7. Bb3 a5 8. Re1 a4 9. Bc2 d5 10. exd5 Bxd5 11. Nxe5 Qe7 12. Nxg6 fxg6 13. Rxe7+ Bxe7 14. Qe2 Nc6 15. Bg5 Rf8 16. Nd2 b5 17. Re1 Rd8 18. c4 bxc4 19. dxc4 Nd4 20. Qxe7# 1-0

[Event "1st FIDE OWCCCC Pools-East 2021"]
[Site "Online"]
[Date "2021.02.20"]
[Round "6.42"]
[White "Rosicki, Lukasz"]
[Black "Fernandez, Virgilio"]
[Result "0-1"]
[WhiteElo "1542"]
[BlackElo "1606"]
[Annotator "NA"]
[PlyCount "110"]
[EventDate "2021.02.19"]
[EventType "team-tourn"]
[EventCountry "NET"]
[SourceTitle "playchess.com"]
[Source "ChessBase"]
[SourceQuality "1"]

1. e4 e5 2. Nf3 Nc6 3. Nc3 Nf6 4. Bc4 Bc5 5. Ng5 O-O 6. Nxf7 Rxf7 7. Bxf7+ Kxf7 8. d3 d6 9. Bg5 h6 10. Bxf6 Qxf6 11. O-O Bd7 12. Nd5 Qd8 13. Qh5+ Kg8 14. Kh1 Be6 15. f4 Bxd5 16. exd5 Nd4 17. fxe5 Qe8 18. Qxe8+ Rxe8 19. exd6 Bxd6 20. c4 Re2 21. b3 Nc2 22. Rac1 Nb4 23. a3 Nxd3 24. Ra1 Bc5 25. h3 Nf2+ 26. Kh2 Bd6+ 27. Kg1 Ne4 28. Rae1 Bc5+ 29. Kh2 Bd6+ 30. Kg1 Nc3 31. Rxe2 Nxe2+ 32. Kf2 Nf4 33. b4 c5 34. bxc5 Bxc5+ 35. Kf3 Nd3 36. Ra1 Ne5+ 37. Ke4 Nxc4 38. Rd1 Nd6+ 39. Ke5 Nf7+ 40. Ke6 Ng5+ 41. Kf5 Bd6 42. a4 Kf7 43. a5 b6 44. axb6 axb6 45. Rb1 Bc5 46. h4 Nh7 47. Ke5 Ke7 48. g4 Nf8 49. Kf5 g6+ 50. Ke4 Nd7 51. h5 gxh5 52. gxh5 Nf6+ 53. Kf5 Nxd5 54. Re1+ Kf7 55. Rf1 Ne3+ 0-1

[Event "1st FIDE OWCCCC Pools-East 2021"]
[Site "Online"]
[Date "2021.02.20"]
[Round "6.42"]
[White "Beykok, Hasan"]
[Black "Vallet, Vincent"]
[Result "1-0"]
[WhiteElo "1431"]
[BlackElo "1779"]
[Annotator "NA"]
[PlyCount "125"]
[EventDate "2021.02.19"]
[EventType "team-tourn"]
[EventCountry "NET"]
[SourceTitle "playchess.com"]
[Source "ChessBase"]
[SourceQuality "1"]

1. b4 e5 2. Bb2 d6 3. b5 a6 4. e3 axb5 5. Bxb5+ c6 6. Be2 Be6 7. Nf3 Rxa2 8. Rxa2 Bxa2 9. c4 Bxb1 10. Qxb1 Nf6 11. O-O Be7 12. d4 e4 13. Nd2 d5 14. c5 b5 15. cxb6 Qxb6 16. Bc3 Qxb1 17. Rxb1 O-O 18. Rb7 Bd6 19. g3 h6 20. h4 Nbd7 21. Nb3 Rb8 22. Na5 Rxb7 23. Nxb7 Be7 24. Na5 c5 25. Nc6 Bd6 26. dxc5 Bxc5 27. Bb4 Bxb4 28. Nxb4 Kf8 29. Kg2 Ke7 30. Nc6+ Kd6 31. Nd4 g6 32. g4 Ne5 33. Kg3 h5 34. gxh5 Nxh5+ 35. Bxh5 gxh5 36. Nf5+ Kc5 37. Ng7 d4 38. exd4+ Kxd4 39. Nxh5 f5 40. Ng7 Ng6 41. Nxf5+ Kd3 42. h5 Nh8 43. h6 Ng6 44. h7 Nh8 45. Kf4 Ng6+ 46. Kg5 Nh8 47. Kf6 Ke2 48. Kg7 Kxf2 49. Kxh8 e3 50. Nxe3 Kxe3 51. Kg7 Kf4 52. h8=Q Ke4 53. Qf8 Kd5 54. Qe7 Kd4 55. Kf6 Kd5 56. Kf5 Kd4 57. Qe6 Kd3 58. Kf4 Kc3 59. Qd5 Kc2 60. Ke3 Kb1 61. Qc4 Kb2 62. Kd3 Ka1 63. Qb5 1-0

[Event "1st FIDE OWCCCC Pools-East 2021"]
[Site "Online"]
[Date "2021.02.20"]
[Round "6.42"]
[White "Maciaszek, Michal"]
[Black "Ganesan, Sankar"]
[Result "0-1"]
[WhiteElo "1062"]
[BlackElo "2265"]
[Annotator "NA"]
[PlyCount "86"]
[EventDate "2021.02.19"]
[EventType "team-tourn"]
[EventCountry "NET"]
[SourceTitle "playchess.com"]
[Source "ChessBase"]
[SourceQuality "1"]

1. e3 e5 2. Nc3 d5 3. Bb5+ c6 4. Be2 Bb4 5. Na4 Bd7 6. b3 Nf6 7. c3 Bd6 8. Bb2 b5 9. d4 bxa4 10. bxa4 Qb6 11. Qb1 O-O 12. Bc1 Qa5 13. Qb3 Ne4 14. Nf3 Nxc3 15. Bd2 Bb4 16. Nxe5 c5 17. Rc1 Bxa4 18. Qb2 Nxe2 19. Bxb4 Qxb4+ 20. Qxb4 cxb4 21. Kxe2 Re8 22. Nd3 Bb5 23. Kd2 Bxd3 24. Kxd3 Nd7 25. Rhd1 a5 26. Rc7 Nf6 27. a4 bxa3 28. Ra1 h6 29. Rxa3 Ng4 30. f4 Rxe3+ 31. Kc2 Rxa3 32. Rc5 Ne3+ 33. Kd2 Rb8 34. Kc1 Ra2 35. h3 Rc2+ 36. Rxc2 Nxc2 37. Kxc2 a4 38. Kc3 a3 39. Kc2 a2 40. Kd1 a1=Q+ 41. Kc2 Qxd4 42. Kc1 Rb2 43. g4 Qd2# 0-1

[Event "1st FIDE OWCCCC Pools-East 2021"]
[Site "Online"]
[Date "2021.02.20"]
[Round "6.43"]
[White "Gil Quilez, Sonia"]
[Black "Adamczyk, Zuzanna"]
[Result "0-1"]
[WhiteElo "2159"]
[BlackElo "1907"]
[Annotator "NA"]
[PlyCount "78"]
[EventDate "2021.02.19"]
[EventType "team-tourn"]
[EventCountry "NET"]
[SourceTitle "playchess.com"]
[Source "ChessBase"]
[SourceQuality "1"]

1. e4 c6 2. d4 d5 3. e5 Bf5 4. Bd3 Bxd3 5. Qxd3 Qa5+ 6. Bd2 Qa6 7. Nf3 Qxd3 8. cxd3 e6 9. O-O Ne7 10. Nc3 h5 11. a4 Nf5 12. Be3 c5 13. dxc5 Nxe3 14. fxe3 Bxc5 15. d4 Be7 16. Rac1 Nc6 17. Nb5 Kd7 18. Ng5 Bxg5 19. Rxf7+ Kd8 20. Rcf1 Bxe3+ 21. Kh1 Rb8 22. Nc7 Nxd4 23. Rxg7 Bh6 24. Rg6 Kxc7 25. Rf7+ Kb6 26. Kg1 Rbc8 27. h3 Be3+ 28. Kh2 h4 29. Rg4 Rc1 30. Rf3 Bg1+ 31. Kh1 Bf2+ 32. Kh2 Nxf3+ 33. gxf3 Bg3+ 34. Kg2 Rc2+ 35. Kh1 Rxb2 36. a5+ Kxa5 37. Rd4 Rc8 38. Rd1 Rcc2 39. Rg1 Rh2# 0-1

[Event "1st FIDE OWCCCC Pools-East 2021"]
[Site "Online"]
[Date "2021.02.20"]
[Round "6.43"]
[White "USTech_dillichandu"]
[Black "Devani, Roopam"]
[Result "0-1"]
[WhiteElo "1357"]
[BlackElo "1707"]
[Annotator "NA"]
[PlyCount "130"]
[EventDate "2021.02.19"]
[EventType "team-tourn"]
[EventCountry "NET"]
[SourceTitle "playchess.com"]
[Source "ChessBase"]
[SourceQuality "1"]

1. d4 d5 2. a3 Nf6 3. Nf3 Bg4 4. c3 e6 5. Ne5 Bf5 6. Nd2 Nbd7 7. Nxd7 Qxd7 8. e3 Be7 9. a4 a6 10. Nf3 Bd6 11. Be2 O-O 12. Bd3 Bg6 13. O-O c5 14. dxc5 Bxc5 15. b4 Bd6 16. Bb2 Qc7 17. g3 e5 18. Bxg6 fxg6 19. Ng5 Rae8 20. Qe2 h6 21. Nf3 e4 22. Nd4 Qd7 23. f3 Qh3 24. Qg2 Qxg2+ 25. Kxg2 exf3+ 26. Rxf3 Ne4 27. Rd1 Rxf3 28. Nxf3 Be5 29. Rxd5 Bxc3 30. Bxc3 Nxc3 31. Re5 Rxe5 32. Nxe5 Nxa4 33. Kf1 g5 34. Ke2 Kf8 35. Kd3 Ke7 36. Kc4 Nb6+ 37. Kc5 Nd7+ 38. Nxd7 Kxd7 39. Kd5 b6 40. Kd4 Kd6 41. Kc4 Ke5 42. Kd3 a5 43. bxa5 bxa5 44. Kc3 Ke4 45. Kb3 Kxe3 46. Ka4 Kf3 47. Kxa5 Kg2 48. Kb5 Kxh2 49. Kc5 Kxg3 50. Kd5 h5 51. Ke6 g4 52. Kf5 h4 53. Kg5 h3 54. Kf5 h2 55. Ke4 h1=Q+ 56. Kd4 Qf1 57. Kd5 Kf2 58. Kc5 g3 59. Kd5 g2 60. Kc5 g1=Q 61. Kd5 Qd3+ 62. Kc5 Qc1+ 63. Kb4 Qdc3+ 64. Kb5 Q1b2+ 65. Ka4 Qca3# 0-1

[Event "1st FIDE OWCCCC Pools-East 2021"]
[Site "Online"]
[Date "2021.02.20"]
[Round "6.43"]
[White "Kovalkov, Yan"]
[Black "Celander, Otte"]
[Result "0-1"]
[WhiteElo "1238"]
[BlackElo "1825"]
[Annotator "NA"]
[PlyCount "54"]
[EventDate "2021.02.19"]
[EventType "team-tourn"]
[EventCountry "NET"]
[SourceTitle "playchess.com"]
[Source "ChessBase"]
[SourceQuality "1"]

1. e4 e5 2. Nf3 Nc6 3. Bc4 Nf6 4. d3 Bc5 5. Bg5 h6 6. Bh4 d6 7. h3 Na5 8. Bb3 Nxb3 9. axb3 c6 10. O-O g5 11. Bg3 Nh5 12. Kh1 Nf4 13. c3 g4 14. d4 gxf3 15. Bxf4 fxg2+ 16. Kxg2 exf4 17. dxc5 Rg8+ 18. Kh2 Qh4 19. Qf3 Bg4 20. Qg2 O-O-O 21. Rg1 Be6 22. Qf3 Rxg1 23. Kxg1 Bxh3 24. Kh2 Bg4+ 25. Qh3 Qxh3+ 26. Kg1 Bf3 27. Nd2 Qg2# 0-1

[Event "1st FIDE OWCCCC Pools-East 2021"]
[Site "Online"]
[Date "2021.02.20"]
[Round "6.43"]
[White "Sahi, Sheelani"]
[Black "papasmerf"]
[Result "0-1"]
[WhiteElo "1008"]
[BlackElo "1800"]
[Annotator "NA"]
[PlyCount "54"]
[EventDate "2021.02.19"]
[EventType "team-tourn"]
[EventCountry "NET"]
[SourceTitle "playchess.com"]
[Source "ChessBase"]
[SourceQuality "1"]

1. d4 Nf6 2. Nf3 e6 3. Nc3 d5 4. Bf4 Bb4 5. a3 Ba5 6. b4 Bb6 7. e3 O-O 8. Bd3 a5 9. b5 c5 10. O-O cxd4 11. exd4 Nbd7 12. Na4 Re8 13. Re1 Nf8 14. c4 dxc4 15. Bxc4 Ng6 16. Bg3 Bd7 17. d5 exd5 18. Bxd5 Rxe1+ 19. Qxe1 Nxd5 20. Rd1 Be6 21. Ng5 Qxg5 22. h4 Qf5 23. Qe2 Rf8 24. h5 Ngf4 25. Bxf4 Nxf4 26. Qd2 Qe4 27. Kh2 Qxg2# 0-1

[Event "1st FIDE OWCCCC Pools-East 2021"]
[Site "Online"]
[Date "2021.02.20"]
[Round "6.43"]
[White "Evaliae"]
[Black "Kaya, Burcu"]
[Result "1/2-1/2"]
[WhiteElo "528"]
[BlackElo "1095"]
[Annotator "NA"]
[PlyCount "90"]
[EventDate "2021.02.19"]
[EventType "team-tourn"]
[EventCountry "NET"]
[SourceTitle "playchess.com"]
[Source "ChessBase"]
[SourceQuality "1"]

1. d4 d5 2. Nf3 Nc6 3. Bf4 Nf6 4. e3 a6 5. c3 e6 6. Be2 Bd6 7. Bg3 O-O 8. O-O Bxg3 9. fxg3 Re8 10. a3 e5 11. b4 e4 12. Nbd2 exf3 13. Nxf3 Rxe3 14. Qd2 Qe7 15. Rae1 Bg4 16. a4 a5 17. b5 Nd8 18. c4 Qe4 19. c5 Bxf3 20. Bxf3 Rd3 21. Qc1 Qxd4+ 22. Kh1 Ne6 23. b6 Rc3 24. Qb1 cxb6 25. cxb6 Qxa4 26. Be2 Ne4 27. h4 Nd2 28. Qf5 f6 29. Qxe6+ Kf8 30. Qxd5 Nxf1 31. Qxb7 Re8 32. Rxf1 Rxg3 33. Qc7 Qe4 34. Qd6+ Kg8 35. b7 Qxe2 36. b8=Q Rxb8 37. Qxb8+ Kf7 38. Qb7+ Kg6 39. h5+ Qxh5+ 40. Kg1 Qc5+ 41. Rf2 Qc1+ 42. Kh2 Qh6+ 43. Kg1 Qc1+ 44. Kh2 Qh6+ 45. Kg1 Qc1+ 1/2-1/2

[Event "1st FIDE OWCCCC Pools-East 2021"]
[Site "Online"]
[Date "2021.02.20"]
[Round "6.44"]
[White "Pancewicz, Joanna"]
[Black "Paliwal, Ashish"]
[Result "0-1"]
[WhiteElo "1108"]
[BlackElo "1288"]
[Annotator "NA"]
[PlyCount "96"]
[EventDate "2021.02.19"]
[EventType "team-tourn"]
[EventCountry "NET"]
[SourceTitle "playchess.com"]
[Source "ChessBase"]
[SourceQuality "1"]

1. e4 d5 2. exd5 Qxd5 3. Nc3 Qa5 4. d4 e5 5. Be3 Bb4 6. Nge2 Nf6 7. a3 Bxc3+ 8. Nxc3 O-O 9. dxe5 Qxe5 10. Bd3 Rd8 11. O-O Nc6 12. Re1 Ng4 13. g3 Nxe3 14. Rxe3 Qf6 15. Qe2 Bh3 16. Rf3 Nd4 17. Rf4 Nxe2+ 18. Nxe2 Qc6 19. Be4 Qb5 20. Bd3 Qd5 21. Be4 Qb5 22. Bd3 Qxb2 23. Rd1 Qxa3 24. Rh4 Be6 25. Bxh7+ Kf8 26. Bd3 g6 27. Rf4 Kg7 28. Rh4 a6 29. Nf4 Qa2 30. Ng2 b5 31. Re1 c5 32. Nf4 c4 33. Nxe6+ fxe6 34. Be4 Rh8 35. Rg4 Rh6 36. Bxa8 Qxc2 37. Rxe6 a5 38. Rge4 Qxe4 39. Rxe4 g5 40. Bc6 Rxc6 41. Re7+ Kf6 42. Re1 c3 43. Rb1 b4 44. f4 gxf4 45. gxf4 c2 46. Rc1 b3 47. Kf2 a4 48. Kg3 b2 0-1

[Event "1st FIDE OWCCCC Pools-East 2021"]
[Site "Online"]
[Date "2021.02.20"]
[Round "6.44"]
[White "ockaya"]
[Black "Dutertre, Charles"]
[Result "0-1"]
[WhiteElo "774"]
[BlackElo "1285"]
[Annotator "NA"]
[PlyCount "68"]
[EventDate "2021.02.19"]
[EventType "team-tourn"]
[EventCountry "NET"]
[SourceTitle "playchess.com"]
[Source "ChessBase"]
[SourceQuality "1"]

1. d4 d5 2. Nf3 Bg4 3. Bf4 c5 4. dxc5 e6 5. Nc3 Bxc5 6. e3 a6 7. Bd3 Ne7 8. O-O O-O 9. Ne5 Bxd1 10. Nf3 Bxf3 11. Rad1 Bxd1 12. Nxd1 Nbc6 13. Nc3 d4 14. Ne4 Qd5 15. Nd6 Bxd6 16. Re1 Bxf4 17. exf4 e5 18. f5 g6 19. f6 Nf5 20. c4 Qd6 21. b3 Qxf6 22. b4 Nxb4 23. Be2 b5 24. a3 Nc2 25. Rc1 Nxa3 26. c5 Rac8 27. Bg4 Nc4 28. f3 Rxc5 29. Re1 Rfc8 30. f4 Nfe3 31. Bxc8 Rxc8 32. fxe5 Qxe5 33. g4 Qf4 34. Re2 Qf1# 0-1

[Event "1st FIDE OWCCCC Pools-East 2021"]
[Site "Online"]
[Date "2021.02.20"]
[Round "6.44"]
[White "Hudziec, Patryk"]
[Black "Baader, Matthieu"]
[Result "0-1"]
[WhiteElo "716"]
[BlackElo "1290"]
[Annotator "NA"]
[PlyCount "64"]
[EventDate "2021.02.19"]
[EventType "team-tourn"]
[EventCountry "NET"]
[SourceTitle "playchess.com"]
[Source "ChessBase"]
[SourceQuality "1"]

1. Nf3 c5 2. g3 Nc6 3. Bg2 d6 4. O-O e5 5. Nxe5 Nxe5 6. f4 Nc6 7. Bxc6+ bxc6 8. c4 f5 9. e3 Nf6 10. Qa4 Bd7 11. Nc3 Be7 12. Nd1 O-O 13. h4 Ng4 14. b4 d5 15. bxc5 Bxc5 16. cxd5 cxd5 17. Nc3 Be6 18. d4 Bb6 19. e4 dxe4 20. Rb1 Bxd4+ 21. Kg2 Bxc3 22. Qc6 Bd5 23. Qxc3 Rc8 24. Qd4 Rf6 25. Rb5 Bc4 26. Qc3 Bxb5 27. Qe1 Bxf1+ 28. Qxf1 Rfc6 29. Be3 Nxe3+ 30. Kf2 Nxf1 31. Kxf1 Rc2 32. Kg1 Qd1# 0-1

[Event "1st FIDE OWCCCC Pools-East 2021"]
[Site "Online"]
[Date "2021.02.20"]
[Round "6.44"]
[White "Scaramozzino, Roberta"]
[Black "NikitinaAnna"]
[Result "0-1"]
[WhiteElo "621"]
[BlackElo "432"]
[Annotator "NA"]
[PlyCount "98"]
[EventDate "2021.02.19"]
[EventType "team-tourn"]
[EventCountry "NET"]
[SourceTitle "playchess.com"]
[Source "ChessBase"]
[SourceQuality "1"]

1. d4 d5 2. Nf3 Nc6 3. Bf4 Nf6 4. e3 Bf5 5. Be2 e6 6. O-O Bd6 7. Bg3 Bxg3 8. fxg3 O-O 9. c4 h6 10. Nc3 b6 11. g4 Nxg4 12. Ne5 Ncxe5 13. dxe5 Nxe5 14. Bh5 Qd7 15. e4 Bg6 16. Bxg6 fxg6 17. Rxf8+ Rxf8 18. Qb3 Rf4 19. Rf1 Rg4 20. Qa3 Nxc4 21. Qf8+ Kh7 22. Nb5 g5 23. Nd6 cxd6 24. exd5 exd5 25. Rf7 Qxf7 26. Qxf7 Nxb2 27. h3 Ra4 28. Qxd5 a5 29. Qxd6 Nc4 30. Qd4 b5 31. Qe4+ Kh8 32. h4 gxh4 33. Qxh4 Ra3 34. g4 Rxa2 35. Qe1 a4 36. g5 hxg5 37. Qe8+ Kh7 38. Qe1 a3 39. Qb1+ Kg8 40. Qxa2 g4 41. Qg2 b4 42. Qd5+ Kh7 43. Qxc4 b3 44. Qxb3 Kh8 45. Qxa3 Kh7 46. Qd3+ Kg8 47. Qd8+ Kh7 48. Qd3+ Kh8 49. Qd8+ Kh7 0-1

[Event "1st FIDE OWCCCC Pools-East 2021"]
[Site "Online"]
[Date "2021.02.20"]
[Round "6.45"]
[White "Podbrdsky, Pavel"]
[Black "Biswaranjan, Rath"]
[Result "1-0"]
[WhiteElo "2147"]
[BlackElo "1494"]
[Annotator "NA"]
[PlyCount "79"]
[EventDate "2021.02.19"]
[EventType "team-tourn"]
[EventCountry "NET"]
[SourceTitle "playchess.com"]
[Source "ChessBase"]
[SourceQuality "1"]

1. Nf3 Nc6 2. d4 d5 3. Bf4 Nf6 4. e3 Bg4 5. h3 Bh5 6. c4 e6 7. Nc3 a6 8. a3 Bd6 9. Bg5 Be7 10. Be2 Ne4 11. Bxe7 Qxe7 12. cxd5 Nxc3 13. bxc3 exd5 14. Qb3 Qd6 15. Qxb7 O-O 16. Qb3 Na5 17. Qc2 Nc4 18. Bxc4 Bxf3 19. gxf3 dxc4 20. Ke2 Rab8 21. Rhb1 Rfe8 22. Rxb8 Rxb8 23. Rb1 Rxb1 24. Qxb1 g6 25. Qb4 Qc6 26. e4 Qb6 27. Qxb6 cxb6 28. d5 Kf8 29. Ke3 b5 30. Kd4 Ke7 31. Kc5 f6 32. Kb6 b4 33. axb4 Kd6 34. Kxa6 Kc7 35. Ka7 h5 36. b5 g5 37. b6+ Kd6 38. b7 Kc5 39. b8=Q g4 40. Qb6# 1-0

[Event "1st FIDE OWCCCC Pools-East 2021"]
[Site "Online"]
[Date "2021.02.20"]
[Round "6.45"]
[White "Devendra, Kumar D."]
[Black "Shyla Vasu, Anita"]
[Result "1-0"]
[WhiteElo "2072"]
[BlackElo "1363"]
[Annotator "NA"]
[PlyCount "63"]
[EventDate "2021.02.19"]
[EventType "team-tourn"]
[EventCountry "NET"]
[SourceTitle "playchess.com"]
[Source "ChessBase"]
[SourceQuality "1"]

1. e4 c5 2. Nf3 Nc6 3. d4 cxd4 4. Nxd4 Nxd4 5. Qxd4 e6 6. c4 d6 7. Nc3 Be7 8. Be2 Nf6 9. Be3 O-O 10. O-O a6 11. f3 b6 12. Rfd1 Rb8 13. Rac1 Bb7 14. b3 Ba8 15. f4 Qc7 16. Bf3 e5 17. Qd2 Rbd8 18. Nd5 Nxd5 19. cxd5 Qb8 20. fxe5 dxe5 21. Qf2 b5 22. Bg4 Bf6 23. Bb6 Rd6 24. Bc7 Qe8 25. Bxd6 Bg5 26. Bxf8 Bxc1 27. Rxc1 Qxf8 28. Rc8 Qxc8 29. Bxc8 Kf8 30. Qc5+ Ke8 31. Qc7 Kf8 32. Qd8# 1-0

[Event "1st FIDE OWCCCC Pools-East 2021"]
[Site "Online"]
[Date "2021.02.20"]
[Round "6.45"]
[White "Stojadinov, Svetlana"]
[Black "Nemec, Petr"]
[Result "1-0"]
[WhiteElo "2004"]
[BlackElo "2101"]
[Annotator "NA"]
[PlyCount "113"]
[EventDate "2021.02.19"]
[EventType "team-tourn"]
[EventCountry "NET"]
[SourceTitle "playchess.com"]
[Source "ChessBase"]
[SourceQuality "1"]

1. e4 Nf6 2. Nc3 d5 3. e5 Nfd7 4. Nxd5 Nxe5 5. Nc3 Nbc6 6. h3 a6 7. Nf3 Nxf3+ 8. Qxf3 Nd4 9. Qd1 Bf5 10. d3 e5 11. Be3 Bb4 12. Be2 O-O 13. O-O Nxe2+ 14. Nxe2 Re8 15. a3 Bd6 16. Ng3 Qd7 17. Qf3 Bg6 18. Qxb7 f5 19. Ne2 f4 20. Bd2 Rab8 21. Qd5+ Kh8 22. b4 Rb5 23. Qf3 e4 24. Qg4 Bf5 25. Qh4 exd3 26. Nxf4 dxc2 27. g4 Bxf4 28. Bxf4 Bg6 29. Rac1 Rd5 30. Qg3 Rd1 31. h4 Rxc1 32. Rxc1 Qd1+ 33. Kg2 Re1 34. Qh2 Qxg4+ 35. Qg3 Be4+ 36. f3 Bxf3+ 37. Kf2 Rd1 38. Qxf3 Qxf3+ 39. Kxf3 Rxc1 40. Bxc1 Kg8 41. Ke3 h6 42. Kd3 g5 43. hxg5 hxg5 44. Bxg5 Kf7 45. Kxc2 Ke6 46. Bf4 c6 47. Kc3 Kd5 48. Kd3 c5 49. Bd2 Kc6 50. Kc4 cxb4 51. axb4 Kb6 52. Be3+ Kc6 53. Bf2 Kb7 54. Kc5 Kc7 55. Bg3+ Kb7 56. Be5 Ka7 57. Kc6 1-0